00576 2200205 4500001002100000005001500021035002000036007000300056008004100059020001800100082001000118084001600128100001700144245005500161250002000216260004400236300004300280650001600323700003100339INLIS00000000113896820220121095717 a0010-0122004123ta220121 0 ind  a979-20-5365-4 aF 813 aF 813 HIT m0 aHitamo Akino1 aMysteri of The Sentimental Journey /cHitamo Akino aCetakan Pertama aJakarta :bElex Media Komputindo,c2004 a227 halaman :bilustrasi ;c17 x 11 cm 4aFiksi Komik0 aPenerjemah : Endang Marina